00378nam a2200121Ia 450000500170000000800410001708200190005810000130007724500310009026000310012130000120015250000920016420250306004522.0240331s9999 xx 000 0 und d bIQB22381a920 aIqbal, A 0aKalvi Yuttu Kankalil Ontru aBeruwalabPesum Penac1994 a111 p., aA life of I. L. M. Mashoor, a prominent figure in the educational history of Sri Lanka.